Métodos de investigación en psicología evolutiva: enfoque del ciclo vital
Tallennettuna:
| Päätekijät: | , , |
|---|---|
| Aineistotyyppi: | Kirja |
| Kieli: | espanja |
| Julkaistu: |
Madrid
Morata
1981
|
| Sarja: | Colección: Psicología. Psicología del desarrollo
|
| Aiheet: | |
| Tagit: |
Lisää tagi
Ei tageja, Lisää ensimmäinen tagi!
|
MARC
| LEADER | 00000nam a2200000 a 4500 | ||
|---|---|---|---|
| 001 | UCZ8076 | ||
| 003 | CL-VaPUC | ||
| 008 | 960112e19810000SP |||||||||||||||||spa|d | ||
| 082 | 0 | 4 | |a 155.7 |b BAL |2 21 |
| 100 | 0 | |a Baltes, Paul B |e author |9 353200 | |
| 700 | 0 | |a Reese, Hayne W |e author |9 353201 | |
| 700 | 0 | |a Nesselroade, John R |e author |9 353202 | |
| 245 | 1 | 0 | |a Métodos de investigación en psicología evolutiva: enfoque del ciclo vital |
| 300 | |a 295 p | ||
| 942 | |c BK | ||
| 945 | |d 19960112 00:00:00 |a cmena | ||
| 260 | |a Madrid |b Morata |c 1981 | ||
| 650 | 0 | |a Psicología del desarrollo |9 307541 | |
| 650 | 0 | |a Desarrollo individual |9 307875 | |
| 650 | 0 | |a Métodos de investigación |9 262618 | |
| 650 | 0 | |a Análisis de datos |9 269871 | |
| 650 | 0 | |a Procesos de aprendizaje |9 309161 | |
| 650 | 7 | |a INVESTIGACION PSICOLOGICA |2 CL-VaPUC |9 309030 | |
| 583 | |a last modification |c 19960112 00:00:00 |k Rodrigo Vera | ||
| 490 | 0 | |a Colección: Psicología. Psicología del desarrollo | |
| 999 | |c 244036 |d 244034 | ||
| 952 | |0 0 |1 0 |4 0 |6 155_700000000000000_BAL_1981 |7 0 |8 P |9 257951 |a BIBEDU |b BIBEDU |d 2019-11-19 |i 1616080 |o 155.7 BAL 1981 |p 1616080 |r 2024-01-25 |w 2019-11-19 |y BK |k EDU | ||
| 952 | |0 0 |1 0 |4 0 |6 155_700000000000000_BAL_1981 |7 0 |8 P |9 257952 |a BIBEDU |b BIBEDU |d 2019-11-19 |i 161763K |o 155.7 BAL 1981 |p 161763K |r 2024-01-25 |w 2019-11-19 |y BK |k EDU | ||
| 952 | |0 0 |1 0 |4 0 |6 155_700000000000000_BAL_1981 |7 0 |8 A |9 257953 |a FDOPOS |b FDOPOS |d 2019-11-19 |i 3691969 |o 155.7 BAL 1981 |p 3691969 |r 2025-01-22 |w 2019-11-19 |y BK |k MLA | ||